Methodologies for teaching project management in the classroom (Record no. 16260)

000 -LEADER
fixed length control field 00403pab a2200145 454500
008 - FIXED-LENGTH DATA ELEMENTS--GENERAL INFORMATION
fixed length control field 180718b1984 xxu||||| |||| 00| 0 eng d
100 ## - MAIN ENTRY--PERSONAL NAME
Personal name Kerzner, Harold
245 ## - TITLE STATEMENT
Title Methodologies for teaching project management in the classroom
260 ## - PUBLICATION, DISTRIBUTION, ETC.
Date of publication, distribution, etc. 1984
300 ## - PHYSICAL DESCRIPTION
Extent 58-65
362 ## - DATES OF PUBLICATION AND/OR SEQUENTIAL DESIGNATION
Dates of publication and/or sequential designation Aug.
650 ## - SUBJECT ADDED ENTRY--TOPICAL TERM
Topical term or geographic name entry element Project Management - Study and Teaching
773 ## - HOST ITEM ENTRY
Main entry heading Project Management Journal
909 ## -
-- 16260
Holdings
Withdrawn status Lost status Damaged status Not for loan Permanent Location Current Location Date acquired Barcode Date last seen Price effective from Koha item type
        Indian Institute of Public Administration Indian Institute of Public Administration 2018-07-19 AR16318 2018-07-19 2018-07-19 Articles

Powered by Koha